00611nam a22001697a 450000500170000001000150001702000250003203500140005703700090007108200110008024501130009126000580020427000980026230000280036049000110038870000420039920240909145810.0 aENG-141694e a9789350692684c95.00 aEN-125226 bDBAD a230.51 athe Universal Truth:bThe Teaachings of Bhagawan Sri Sathya Sai Baba/cCompiled By Ramakrishna Vitha Kunduri aPrasanthi NilayambSri Sathya Sai Sadhana Trustc2017 aAnantapur DistrictbPrasanthi Nilayame515134k08555-0287375l08555-287236morders@sssbpt.org a190p. :c21cm (pb)bill vPart 1 aKunduri, Ramakrishna Vitha eCompiled